000
00217 a2200097 4500
001
30423
100
_a
Palgrave
245
_a
The golden Treasury
260
_a
London
_b
Macmillan and Company
_c
090
_c
20374
_d
20374
942
_a
NUST-CAE
_c
M
_c
11530
999
_c
265496
_d
265496